Hendrick de Clerck (Record no. 179404)

MARC details
000 -LEADER
campo de control de longitud fija 01080nam a2200265 i 4500
001 - NÚMERO DE CONTROL
campo de control 179404
003 - IDENTIFICADOR DE NÚMERO DE CONTROL
campo de control ES-MaACL
005 - FECHA Y HORA DE LA ÚLTIMA TRANSACCIÓN
campo de control 20250815135211.0
008 - DATOS DE LONGITUD FIJA--INFORMACIÓN GENERAL
campo de control de longitud fija 111117s2008 sp a |||| |dspa d
080 ## - NÚMERO DE LA CLASIFICACIÓN DECIMAL UNIVERSAL
Número de la Clasificación Decimal Universal 75 Clerk, Hendrick de
080 ## - NÚMERO DE LA CLASIFICACIÓN DECIMAL UNIVERSAL
Número de la Clasificación Decimal Universal 75(493.3/.4)"16"
100 1# - ENTRADA PRINCIPAL--NOMBRE DE PERSONA
Nombre de persona Díaz Padrón, Matías,
Fechas asociadas al nombre 1934-2022
9 (RLIN) 44376
245 10 - MENCIÓN DEL TÍTULO
Título Hendrick de Clerck
Resto del título : una serie de las "Artes Liberales" identificada en el Monasterio de El Escorial y algunas anotaciones a nuevas obras suyas en España /
Mención de responsabilidad, etc. Matías Díaz Padrón.
260 ## - PUBLICACIÓN, DISTRIBUCIÓN, ETC.
Lugar de publicación, distribución, etc. Valladolid :
Nombre del editor, distribuidor, etc. Universidad de Valladolid,
Fecha de publicación, distribución, etc. 2008.
300 ## - DESCRIPCIÓN FÍSICA
Extensión p. [127]-150 :
Otras características físicas il. ;
Dimensiones 24 cm.
504 ## - NOTA DE BIBLIOGRAFÍA, ETC.
Nota de bibliografía, etc. Referencias bibliográficas.
595 ## -
-- Separata de: BSAA arte, Boletín del Seminario de Estudios de Arte, n. 74, 2008.
597 ## - NOTA DE DESCRIPCIÓN FÍSICA
NOTA DE DESCRIPCIÓN FÍSICA Ejemp. con 3 h. fotocop. y grapadas.
600 14 - PUNTO DE ACCESO ADICIONAL DE MATERIA--NOMBRE DE PERSONA
Nombre de persona Clerck, Hendrick de.
9 (RLIN) 148571
650 #7 - PUNTO DE ACCESO ADICIONAL DE MATERIA--TÉRMINO DE MATERIA
Término de materia o nombre geográfico como elemento de entrada Pintura flamenca
Fuente del encabezamiento o término embne
9 (RLIN) 16046
700 1# - ENTRADA AGREGADA--NOMBRE PERSONAL
Nombre de persona Clerck, Hendrick de.
9 (RLIN) 148571
710 2# - ENTRADA AGREGADA--NOMBRE DE ENTIDAD CORPORATIVA
Nombre de entidad corporativa o nombre de jurisdicción como elemento de entrada Universidad de Valladolid.
9 (RLIN) 7332
852 ## - LOCALIZACIÓN
Ubicación ES-MaACL
Número de control de estantería 2290-F-1
Holdings
Estatus retirado Estado de pérdida Estado de daño No para préstamo Colección Biblioteca de origen Biblioteca actual Ubicación en estantería Fecha de adquisición Fuente de adquisición Total de préstamos Signatura topográfica completa Código de barras Visto por última vez Precio de reemplazo Tipo de ítem Koha
        Colección de folletos Biblioteca del Ateneo de Madrid Biblioteca del Ateneo de Madrid Depósito folletos 17/11/2011     2290-F-1 1188473 23/02/2023 23/02/2023 Folleto